000
00273nam a2200121 a 4500
008
101027s1974|||| d
245
1
0
_a
Kamení bude volat
100
1
_a
Malewská, Hanna
260
_b
Vyšehrad
_a
Praha
_c
1974
020
_c
24
041
_a
cze
044
_a
CZ
999
_c
12321
_d
12321